000 00552nam a2200205Ia 4500
005 20250508154450.0
008 008 250505s9999 xx 000 0 eng d
037 _aTextBook
040 _aFEDL
_beng
_cFEDL
041 _aeng
_2eng
084 _a370.954, MUK
_qFEDL
100 _aMukerji S N
245 0 _aIntroducation to Indian education
260 _aBaroda, India
_bAcharya Book Depot
_c1958
300 _a117p
365 _aINR
_b4
650 _aEducation - India
942 _cTB
_h370.954, MUK
999 _c1350414
_d1350414